Tính toán trong hải dương học
Trình bày các đặc trưng vật lí của nước biển; Phân tích các trường vật lí trong biển; Phân tích quan trắc dòng chảy và thủy triều.
Đã lưu trong:
| Tác giả chính: | |
|---|---|
| Định dạng: | Sách |
| Năm xuất bản: |
H.
Đại học Quốc gia
2003
|
| Chủ đề: | |
| Tags: |
Thêm thẻ
Không có thẻ, Hãy là người đầu tiên gắn thẻ bản ghi này!
|
| LEADER | 01029nam a2200181 4500 | ||
|---|---|---|---|
| 082 | |a 551.46 |b PH104V | ||
| 100 | |a Phạm Văn Huấn | ||
| 245 | |a Tính toán trong hải dương học |c Phạm Văn Huấn | ||
| 260 | |a H. |b Đại học Quốc gia |c 2003 | ||
| 300 | |a 244 tr |c 19 cm | ||
| 520 | |a Trình bày các đặc trưng vật lí của nước biển; Phân tích các trường vật lí trong biển; Phân tích quan trắc dòng chảy và thủy triều. | ||
| 653 | |a Hải dương học | ||
| 653 | |a Tính toán | ||
| 942 | |2 ddc |c STK0 | ||
| 999 | |c 7520 |d 7520 | ||
| 952 | |0 0 |1 0 |2 ddc |4 0 |6 551_460000000000000_PH104V |7 0 |8 500 |9 67928 |a qbu |b qbu |c D3 |d 2015-02-13 |g 29300 |o 551.46 PH104V |p 7115.c1 |r 0000-00-00 |w 2015-02-13 |y STK0 | ||
| 952 | |0 0 |1 0 |2 ddc |4 0 |6 551_460000000000000_PH104V |7 0 |8 500 |9 67929 |a qbu |b qbu |c D3 |d 2015-02-13 |g 29300 |o 551.46 PH104V |p 7115.c2 |r 0000-00-00 |w 2015-02-13 |y STK0 | ||
| 952 | |0 0 |1 0 |2 ddc |4 0 |6 551_460000000000000_PH104V |7 0 |8 500 |9 67930 |a qbu |b qbu |c D3 |d 2015-02-13 |g 29300 |o 551.46 PH104V |p 7115.c3 |r 0000-00-00 |w 2015-02-13 |y STK0 | ||